000 00663nam a2200193Ia 4500
005 20250508155610.0
008 008 250505s9999 xx 000 0 eng d
037 _aDissertations
040 _aFEDL
_beng
_cFEDL
041 _aeng
_2eng
084 _a375.91, VAS/DI
_qFEDL
100 _aVashisht Ram Swarup
_9767140
245 0 _aInvestigation into the dificiencies of the curriculum as a factor responsible for the unpopularity of geography in the higher secondary schools of Delhi
260 _c1968
300 _aii,58p.
546 _aM. Ed. Dissertation (Delhi University)
942 _cDIS
_h375.91, VAS/DI
999 _c1358137
_d1358137